000 01151nam a2200313 i 4500
005 20220317002009.0
007 ta
008 201104r20192020ck ao||e |||| 00| 0dspa d
020 _a9789585241916
040 _aCO-BoRNBP
_bspa
_erda
_cCO-BoRNBP
041 0 _aspa
082 0 4 _a770.8
_bB25s
_222
100 1 _aBenjamin, Walter,
_d1892-1940
_eautor
245 1 0 _aSobre la fotografía
_cWalter Benjamin ; edición y traducción de José Muñoz Millanes
250 _aOctava edición
_bPrimera reimpresión
264 1 _aBogota
_bPre-textos
_c2019
_c2020
300 _a153 páginas
_bilustraciones
_c19 cm
336 _2rdacontent
_atexto
_btxt
337 _2rdamedia
_asin mediación
_bn
338 _2rdacarrier
_avolumen
_bnc
490 0 _aPre-textos-América
_v705
521 _aRecomendado para público adulto
545 _aIncluye datos biográficos del autor y el traductor en la solapa
650 1 7 _2LEMB
_aFilosofía de la fotografía
_vEnsayos
650 1 7 _2LEMB
_aFotografía
_xEstética
_vEnsayos
650 1 7 _2LEMB
_aFotografía
_xHistoria y crítica
_vEnsayos
700 1 _aMuñoz Millanes, José,
_d1951-
_etraductor
_9157048
942 _2ddc
_cBK
999 _c8832
_d8832